Evénements du 3 septembre - Statistiques

Statistiques générales
  • Ce quiz a été pris 25 fois
  • Le résultat moyen est 9 sur 15
Statistiques - réponses
Hint Réponse % Correct
Couronnement de Richard Coeur de lion 1189
89%
Déclaration de guerre à l'Allemagne par la France et le Royaume-Uni 1939
89%
Création d'eBay 1995
84%
Naissance de Jean Jaurès 1859
68%
Naissance d'Eugène de Beauharnais 1781
63%
Fleming découvre la pénicilline 1928
63%
La Suède adopte la conduite à droite 1967
63%
Indépendance du Qatar 1971
63%
Election du pape Grégoire 1er 590
63%
Béatification de Pie IX et Jean XXIII 2000
58%
Naissance de Ferdinand Porsche 1875
53%
Fondation de Saint-Marin 301
37%
Fondation de Charleroi en Belgique 1666
32%
Election du pape Benoît XV 1914
26%
Naufrage du Princess Alice - 600 morts 1878
21%
Aucun quiz correspondant
Distribution des résultats
% des personnes avec chaque résultat
Percentile par nombre de réponses
Votre historique - résultats
Vous n’avez pas pris ce quiz